|
|
|
|
| LEADER |
00000nab a2200000 a 4500 |
| 001 |
vtls000269638 |
| 003 |
SK-MaSNL |
| 005 |
20260303230649.0 |
| 008 |
160215c1987 xo 0 slo |
| 015 |
|
|
|a SNBRB19rr/mm-uuuuu
|
| 035 |
|
|
|a CL0279752
|
| 040 |
|
|
|a SNKBUCL
|b slo
|c SNKBUCL
|e AACR2
|
| 041 |
0 |
|
|a slo
|
| 044 |
|
|
|a xo
|c SK
|
| 080 |
|
|
|a 82:061.3
|2 1981
|
| 080 |
|
|
|a 061.3
|2 1981
|
| 080 |
|
|
|a 885.4
|2 1981
|
| 080 |
|
|
|a 82
|2 1981
|
| 080 |
|
|
|a 929
|2 1981
|
| 080 |
|
|
|a 069.6.02
|2 1981
|
| 100 |
1 |
|
|a Vaško, Imrich,
|d 1936-2010
|4 aut
|9 206049
|
| 245 |
1 |
0 |
|a Na pamäť výročia Pavla Jozefa Šafárika
|c Imrich Vaško
|
| 500 |
|
|
|a V rubrike Zápisník.
|
| 600 |
1 |
7 |
|a Šafárik, Pavol Jozef,
|d 1795-1861
|2 snkbucl
|9 85839
|
| 655 |
|
7 |
|a články z novín a časopisov
|2 snkbucl
|9 267496
|
| 655 |
|
7 |
|a články z odboru literárna veda a krásna literatúra
|2 snkbucl
|9 770045
|
| 773 |
0 |
|
|t Slovenské pohľady
|g Roč. 103, č. 2 (1987), s. 149-150
|
| 850 |
|
|
|a Slovenská národná knižnica v Martine
|a MTA001
|
| 852 |
|
|
|a SNK
|b KIS3GCP
|
| 958 |
|
|
|a BX
|
| 958 |
|
|
|a RK
|
| 958 |
|
|
|a LX
|
| 992 |
|
|
|a RBX
|
| 999 |
|
|
|c 2263377
|d 2265307
|